[Event "Kuressaare Saaremaa Rapid 4th"]
[Site "Kuressaare"]
[Date "2023.06.04"]
[Round "8"]
[White "Kogan, Artur"]
[Black "Pultinevicius, Paulius"]
[Result "0-1"]
[WhiteElo "2484"]
[BlackElo "2537"]
[PlyCount "106"]
[EventDate "2023.06.03"]
[EventType "swiss (rapid)"]
[EventRounds "11"]
[EventCountry "EST"]
[SourceTitle "CBM 214 Extra"]
[Source "ChessBase"]
[SourceDate "2023.07.31"]
[SourceVersion "1"]
[SourceVersionDate "2023.07.31"]
[SourceQuality "1"]

1. d4 Nf6 2. Nf3 d5 3. c4 e6 4. Nc3 c6 5. e3 Nbd7 6. Qc2 Bd6 7. Be2 0-0 8. 0-0 dxc4 9. a4 a6 10. Bxc4 c5 11. h3 Qc7 12. dxc5 Bxc5 13. b3 b6 14. Bb2 Bb7 15. Qe2 Qc6 16. Na2 Qe4 17. Bd3 Qd5 18. Bc4 Qh5 19. Rfd1 e5 20. Nxe5 Qg5 21. Nf3 Qg6 22. Bd3 Qh6 23. Bf5 Rfd8 24. Nc1 Bd5 25. e4 Bc6 26. Nd3 Re8 27. Bc1 Qh5 28. Nf4 Qh6 29. e5 Bxf3 30. Qxf3 Nxe5 31. Qg3 Nh5 32. Qh4 Nxf4 33. Qxf4 Qf6 34. Be4 Rad8 35. Rxd8 Rxd8 36. Qxf6 Rd1+ 37. Kh2 gxf6 38. Bb2 Rd2 39. Bxe5 fxe5 40. f3 a5 41. Rc1 h5 42. h4 Kg7 43. Kh3 Kf6 44. g4 hxg4+ 45. fxg4 Re2 46. Bd5 e4 47. Rf1+ Ke5 48. Bc4 Rb2 49. Rxf7 e3 50. Rf5+ Ke4 51. Bd5+ Kd3 52. Bc4+ Ke4 53. Bd5+ Kd4 0-1

[Event "Kuressaare Saaremaa Rapid 4th"]
[Site "Kuressaare"]
[Date "2023.06.03"]
[Round "5"]
[White "Koskinen, Henri"]
[Black "Kogan, Artur"]
[Result "0-1"]
[WhiteElo "2184"]
[BlackElo "2484"]
[PlyCount "80"]
[EventDate "2023.06.03"]
[EventType "swiss (rapid)"]
[EventRounds "11"]
[EventCountry "EST"]
[SourceTitle "CBM 214 Extra"]
[Source "ChessBase"]
[SourceDate "2023.07.31"]
[SourceVersion "1"]
[SourceVersionDate "2023.07.31"]
[SourceQuality "1"]

1. d4 Nf6 2. c4 c5 3. d5 b5 4. Nd2 d6 5. e4 b4 6. Bd3 g6 7. Ngf3 Bg7 8. h3 Nbd7 9. Nf1 a5 10. Rb1 a4 11. Bf4 Nb6 12. Ne3 e6 13. 0-0 0-0 14. Bh2 Re8 15. dxe6 Rxe6 16. Nd5 Nxe4 17. Nxb6 Qxb6 18. Bxe4 Rxe4 19. Ng5 Rd4 20. Qf3 Qb7 21. Rfe1 Qxf3 22. Nxf3 Rxc4 23. Re8+ Bf8 24. Bxd6 Bb7 25. Rbe1 Re4 26. R8xe4 Bxe4 27. Bxf8 Bxf3 28. Bxc5 Bd5 29. Bxb4 Bxa2 30. Re7 Rc8 31. Ba3 Kg7 32. Re4 Bb3 33. Re3 Rc2 34. Bb4 g5 35. g3 Kg6 36. Bc3 f5 37. Re7 Bd5 38. g4 fxg4 39. hxg4 a3 40. Rg7+ Kh6 0-1

[Event "ISR-chT"]
[Site "Israel"]
[Date "2023.01.21"]
[Round "4.3"]
[White "Steinberg, Nitzan"]
[Black "Kogan, Artur"]
[Result "1/2-1/2"]
[WhiteElo "2537"]
[BlackElo "2471"]
[PlyCount "48"]
[EventDate "2023.01.11"]
[EventType "team-tourn"]
[EventRounds "11"]
[EventCountry "ISR"]
[SourceTitle "CBM 212 Extra"]
[Source "ChessBase"]
[SourceDate "2023.03.31"]
[SourceVersion "1"]
[SourceVersionDate "2023.03.31"]
[SourceQuality "1"]
[WhiteTeam "Beer Sheva"]
[BlackTeam "Ashdod"]
[WhiteTeamCountry "ISR"]
[BlackTeamCountry "ISR"]

1. e4 e5 2. Nf3 Nf6 3. Nxe5 d6 4. Nf3 Nxe4 5. Qe2 Qe7 6. d3 Nf6 7. Nc3 Bg4 8. Be3 Nc6 9. 0-0-0 0-0-0 10. d4 d5 11. h3 Bh5 12. g4 Bg6 13. Ne5 Qe6 14. f4 Be4 15. Rg1 Bb4 16. Nb5 Kb8 17. f5 Qe8 18. Bf4 Bd6 19. Qh2 Nb4 20. Rd2 Nxa2+ 21. Kd1 a6 22. Nxd6 cxd6 23. Rg3 Nb4 24. Ra3 dxe5 1/2-1/2

[Event "San Cristobal de La Laguna op 4th"]
[Site "San Cristobal de La Laguna"]
[Date "2022.08.27"]
[Round "1"]
[White "Kogan, Artur"]
[Black "Arvelo Hernandez, Gabriel Alejandro"]
[Result "1-0"]
[WhiteElo "2476"]
[BlackElo "1533"]
[PlyCount "47"]
[EventDate "2022.08.27"]
[EventType "swiss"]
[EventRounds "9"]
[EventCountry "ESP"]
[SourceTitle "CBM 210 Extra"]
[Source "ChessBase"]
[SourceDate "2022.11.30"]
[SourceVersion "1"]
[SourceVersionDate "2022.11.30"]
[SourceQuality "1"]

1. e4 e6 2. d4 d5 3. e5 c5 4. Qg4 Nc6 5. Nf3 Bd7 6. dxc5 Qa5+ 7. c3 Qxc5 8. Bd3 Nge7 9. 0-0 g6 10. Bg5 Bg7 11. Qf4 h6 12. Bf6 Bxf6 13. Qxf6 Rf8 14. b4 Ng8 15. bxc5 Nxf6 16. exf6 0-0-0 17. Bb5 Rh8 18. Bxc6 Bxc6 19. Nbd2 g5 20. Ne5 Rdf8 21. Nb3 Bb5 22. Rfb1 h5 23. Na5 Ba6 24. Rb4 1-0

[Event "Andorra op 38th"]
[Site "Escaldes"]
[Date "2022.07.28"]
[Round "6"]
[White "Kogan, Artur"]
[Black "Kobo, Ori"]
[Result "1/2-1/2"]
[WhiteElo "2476"]
[BlackElo "2534"]
[PlyCount "26"]
[EventDate "2022.07.24"]
[EventType "swiss"]
[EventRounds "9"]
[EventCountry "AND"]
[SourceTitle "CBM 209 Extra"]
[Source "ChessBase"]
[SourceDate "2022.09.30"]
[SourceVersion "1"]
[SourceVersionDate "2022.09.30"]
[SourceQuality "1"]

1. e4 e5 2. Nf3 Nc6 3. Nc3 Nf6 4. d4 exd4 5. Nxd4 Bb4 6. Nxc6 bxc6 7. Bd3 0-0 8. 0-0 d5 9. exd5 cxd5 10. h3 Rb8 11. Qf3 Be7 12. Re1 Bb7 13. Nb5 Bb4 1/2-1/2

[Event "Catalunya-chT Relegation"]
[Site "Barcelona"]
[Date "2022.04.02"]
[Round "2.1"]
[White "Kogan, Artur"]
[Black "De la Riva Aguado, Oscar"]
[Result "1/2-1/2"]
[WhiteElo "2485"]
[BlackElo "2443"]
[PlyCount "49"]
[EventDate "2022.03.26"]
[EventType "team-tourn"]
[EventRounds "2"]
[EventCountry "ESP"]
[SourceTitle "CBM 208 Extra"]
[Source "ChessBase"]
[SourceDate "2022.07.31"]
[SourceVersion "1"]
[SourceVersionDate "2022.07.31"]
[SourceQuality "1"]
[WhiteTeam "Salauris"]
[BlackTeam "Geva CEA"]
[WhiteTeamCountry "ESP"]
[BlackTeamCountry "ESP"]

1. e4 c5 2. Nc3 Nc6 3. Nf3 e6 4. d4 cxd4 5. Nxd4 Qc7 6. Be3 a6 7. Qf3 Nf6 8. 0-0-0 Ne5 9. Qg3 b5 10. Bxb5 axb5 11. Ndxb5 Qb8 12. Bf4 d6 13. Rxd6 Nh5 14. Qg5 Bxd6 15. Nxd6+ Qxd6 16. Bxe5 Ra5 17. Nd5 Qd7 18. Bxg7 Rg8 19. Qxh5 exd5 20. Qxh7 Rxg7 21. Qxg7 Rxa2 22. Qg8+ Ke7 23. Qg5+ Ke8 24. Qe5+ Kf8 25. Qh8+ 1/2-1/2

[Event "ISR-chT"]
[Site "Israel"]
[Date "2022.03.05"]
[Round "10.4"]
[White "Kogan, Artur"]
[Black "Steinberg, Nitzan"]
[Result "1/2-1/2"]
[WhiteElo "2485"]
[BlackElo "2543"]
[PlyCount "22"]
[EventDate "2022.01.14"]
[EventType "team-tourn"]
[EventRounds "11"]
[EventCountry "ISR"]
[SourceTitle "EXT 2023"]
[Source "ChessBase"]
[SourceDate "2022.10.05"]
[SourceVersion "1"]
[SourceVersionDate "2022.10.05"]
[SourceQuality "1"]
[WhiteTeam "Ashdod"]
[BlackTeam "Beer Sheva"]
[WhiteTeamCountry "ISR"]
[BlackTeamCountry "ISR"]

1. e4 c5 2. Nc3 d6 3. Nf3 Nf6 4. g3 Nc6 5. Bg2 Bg4 6. h3 Bxf3 7. Qxf3 g6 8. 0-0 Bg7 9. d3 Rb8 10. a4 0-0 11. Nd5 e6 1/2-1/2

[Event "Catalunya-chT Gp2"]
[Site "Barcelona"]
[Date "2022.02.19"]
[Round "5.1"]
[White "Kogan, Artur"]
[Black "Edouard, Romain"]
[Result "0-1"]
[WhiteElo "2485"]
[BlackElo "2590"]
[PlyCount "108"]
[EventDate "2022.01.22"]
[EventType "team-tourn"]
[EventRounds "9"]
[EventCountry "ESP"]
[SourceTitle "CBM 208 Extra"]
[Source "ChessBase"]
[SourceDate "2022.07.31"]
[SourceVersion "1"]
[SourceVersionDate "2022.07.31"]
[SourceQuality "1"]
[WhiteTeam "Salauris"]
[BlackTeam "Colon Sabadell"]
[WhiteTeamCountry "ESP"]
[BlackTeamCountry "ESP"]

1. d4 Nf6 2. Nf3 g6 3. c4 c5 4. Nc3 cxd4 5. Nxd4 Nc6 6. e4 Nxd4 7. Qxd4 d6 8. Be2 Bg7 9. Bg5 0-0 10. Qd2 a5 11. Rd1 Be6 12. b3 a4 13. Bxf6 Bxf6 14. Nxa4 Bd7 15. Nc3 Bxc3 16. Qxc3 Rxa2 17. Ra1 Rxa1+ 18. Qxa1 Bc6 19. Bd3 Qb6 20. Qc3 Ra8 21. 0-0 Ra3 22. Bc2 Qc5 23. Qb2 Qa5 24. b4 Ra2 25. Qb3 Qa3 26. Rb1 Qxb3 27. Bxb3 Rd2 28. f3 Kg7 29. c5 dxc5 30. bxc5 e6 31. Ra1 Rd4 32. Rc1 Kf6 33. Kf2 Rd2+ 34. Kg3 g5 35. Bc4 h5 36. h4 gxh4+ 37. Kh3 Kg5 38. Rb1 Rc2 39. Bb5 Rxc5 40. Bxc6 bxc6 41. Rb7 Rc1 42. Kh2 Kf6 43. e5+ Kg6 44. Rc7 c5 45. Rc8 c4 46. Rg8+ Kh7 47. Rf8 Kg7 48. Rc8 c3 49. Rc4 c2 50. Rc3 Kg6 51. Rc7 Kg5 52. Rc4 Kf5 53. Rc5 Kf4 54. g3+ hxg3+ 0-1

[Event "Catalunya-chT Gp2"]
[Site "Barcelona"]
[Date "2022.02.05"]
[Round "3.1"]
[White "Kogan, Artur"]
[Black "Peralta, Fernando"]
[Result "1/2-1/2"]
[WhiteElo "2485"]
[BlackElo "2585"]
[PlyCount "24"]
[EventDate "2022.01.22"]
[EventType "team-tourn"]
[EventRounds "9"]
[EventCountry "ESP"]
[SourceTitle "CBM 206 Extra"]
[Source "ChessBase"]
[SourceDate "2022.03.31"]
[SourceVersion "1"]
[SourceVersionDate "2022.03.31"]
[SourceQuality "1"]
[WhiteTeam "Salauris"]
[BlackTeam "Valls"]
[WhiteTeamCountry "ESP"]
[BlackTeamCountry "ESP"]

1. e4 c6 2. d4 d5 3. e5 Bf5 4. c4 e6 5. Nc3 Ne7 6. a3 Nd7 7. cxd5 Nxd5 8. Nxd5 cxd5 9. Bd3 Bxd3 10. Qxd3 Qc7 11. Ne2 Qc4 12. Qf3 Be7 1/2-1/2

[Event "ISR-chT"]
[Site "Israel"]
[Date "2021.06.25"]
[Round "11.6"]
[White "Ben Ari, Yannay"]
[Black "Kogan, Artur"]
[Result "1/2-1/2"]
[WhiteElo "2387"]
[BlackElo "2501"]
[PlyCount "108"]
[EventDate "2021.04.22"]
[EventType "team-tourn"]
[EventRounds "11"]
[EventCountry "ISR"]
[SourceTitle "EXT 2022"]
[Source "ChessBase"]
[SourceDate "2021.10.06"]
[SourceVersion "1"]
[SourceVersionDate "2021.10.06"]
[SourceQuality "1"]
[WhiteTeam "Petah Tikva Nearim"]
[BlackTeam "Ashdod Elite"]
[WhiteTeamCountry "ISR"]
[BlackTeamCountry "ISR"]

1. d4 d5 2. c4 dxc4 3. e4 Nc6 4. Be3 Nf6 5. Nc3 e5 6. d5 Na5 7. Nf3 Bd6 8. h3 Bd7 9. Qd2 Qe7 10. g4 b5 11. Qc2 0-0 12. Bg2 b4 13. Ne2 b3 14. axb3 Bb4+ 15. Bd2 Nxb3 16. Rd1 Ba4 17. Bxb4 Qxb4+ 18. Qc3 Rab8 19. Nxe5 Nc5 20. Rd4 Qxb2 21. Rxc4 Qb1+ 22. Qc1 Nfd7 23. 0-0 Qxc1 24. Rcxc1 Nxe5 25. Rxc5 Bb5 26. Rc2 Bd3 27. Rd2 g5 28. Rc1 Rfc8 29. Nd4 Rb6 30. Rc3 Ba6 31. Rdc2 Rb7 32. Nf5 Kf8 33. Kh2 Bd3 34. Rc1 Rb1 35. Rxb1 Bxb1 36. Nd6 Ra8 37. Nb5 Bd3 38. Nxc7 Rb8 39. Ra3 a6 40. d6 Rd8 41. Ra5 Nc4 42. Rxa6 Nxd6 43. Ra4 Nc4 44. Nd5 Rb8 45. Nf6 Kg7 46. Nh5+ Kf8 47. Ng3 Ne5 48. Nf5 Bc4 49. Ra5 f6 50. Ra7 Rb2 51. Kg3 Rb3+ 52. Kh2 Rb2 53. Ra8+ Kf7 54. Ra7+ Kf8 1/2-1/2

[Event "Carlsen-Challengers sim"]
[Site "chess24.com INT"]
[Date "2021.04.19"]
[Round "1.22"]
[White "Kogan, Artur"]
[Black "Carlsen, Magnus"]
[Result "0-1"]
[WhiteElo "2501"]
[BlackElo "2847"]
[PlyCount "76"]
[EventDate "2021.04.19"]
[EventType "simul (blitz)"]
[EventRounds "1"]
[EventCountry "GER"]
[SourceTitle "CBM 202 Extra"]
[Source "ChessBase"]
[SourceDate "2021.07.31"]
[SourceVersion "1"]
[SourceVersionDate "2021.07.31"]
[SourceQuality "1"]

1. d4 Nf6 2. c4 c5 3. d5 b5 4. Qc2 bxc4 5. e4 d6 6. Nf3 g6 7. Bxc4 Bg7 8. 0-0 0-0 9. Re1 Nbd7 10. Nc3 Rb8 11. Bf4 Nb6 12. Bf1 Ne8 13. h3 Nc7 14. Rad1 Bb7 15. b3 Qd7 16. a4 Ba6 17. Be2 Bxe2 18. Rxe2 Na6 19. Qd2 Na8 20. Bh6 Rxb3 21. Bxg7 Kxg7 22. e5 N8c7 23. e6 fxe6 24. Ng5 e5 25. Re4 h6 26. Nf3 Qf5 27. Rg4 Nb4 28. Ne4 Rd3 29. Nh4 Qxg4 30. hxg4 Rxd2 31. Rxd2 Ncxd5 32. Nf3 c4 33. g5 h5 34. Rd1 c3 35. Rc1 c2 36. Ned2 Rc8 37. Ne1 Nc3 38. Nb3 Ne2+ 0-1

[Event "San Cristobal de La Laguna op 2nd"]
[Site "San Cristobal de la Laguna"]
[Date "2019.08.31"]
[Round "1"]
[White "Kogan, Artur"]
[Black "Diaz Reyes, Killian"]
[Result "1-0"]
[WhiteElo "2506"]
[BlackElo "1750"]
[PlyCount "59"]
[EventDate "2019.08.31"]
[EventType "swiss"]
[EventRounds "9"]
[EventCountry "ESP"]
[SourceTitle "EXT 2020"]
[Source "ChessBase"]
[SourceDate "2019.10.17"]
[SourceVersion "1"]
[SourceVersionDate "2019.10.17"]
[SourceQuality "1"]

1. e4 c5 2. b4 cxb4 3. a3 Nf6 4. e5 Nd5 5. axb4 Qc7 6. Nf3 Nxb4 7. c3 N4c6 8. d4 e6 9. Bd3 d6 10. 0-0 dxe5 11. Na3 exd4 12. Nb5 Qd8 13. Bf4 Na6 14. Rxa6 bxa6 15. Nc7+ Kd7 16. Nxa8 Bb7 17. Nc7 Bd6 18. Bxd6 Kxd6 19. Nxa6 Qa5 20. Nb4 Nxb4 21. cxb4 Qxb4 22. Ng5 Ke7 23. Qh5 g6 24. Qh4 f6 25. Rb1 Rc8 26. Rxb4 Rc1+ 27. Bf1 Ba6 28. Qxh7+ Kd6 29. Rxd4+ Ke5 30. Nf3+ 1-0

[Event "Andorra op 37th"]
[Site "Escaldes"]
[Date "2019.08.03"]
[Round "8"]
[White "Arizmendi Martinez, Julen Luis"]
[Black "Kogan, Artur"]
[Result "1/2-1/2"]
[WhiteElo "2512"]
[BlackElo "2535"]
[PlyCount "34"]
[EventDate "2019.07.27"]
[EventType "swiss"]
[EventRounds "9"]
[EventCountry "AND"]
[SourceTitle "CBM 191 Extra"]
[Source "ChessBase"]
[SourceDate "2019.09.30"]
[SourceVersion "1"]
[SourceVersionDate "2019.09.30"]
[SourceQuality "1"]

1. e4 e5 2. Nf3 Nc6 3. Bb5 a6 4. Ba4 Nf6 5. 0-0 b5 6. Bb3 Be7 7. Re1 d6 8. c3 0-0 9. h3 Nb8 10. d4 Nbd7 11. c4 Bb7 12. Nc3 c6 13. a3 bxc4 14. Bxc4 Nb6 15. Ba2 Nfd7 16. Be3 Bf6 17. Rc1 a5 1/2-1/2

[Event "Andorra op 37th"]
[Site "Escaldes"]
[Date "2019.07.30"]
[Round "4"]
[White "Kogan, Artur"]
[Black "Roselli Mailhe, Bernardo"]
[Result "1/2-1/2"]
[WhiteElo "2535"]
[BlackElo "2471"]
[PlyCount "147"]
[EventDate "2019.07.27"]
[EventType "swiss"]
[EventRounds "9"]
[EventCountry "AND"]
[SourceTitle "CBM 191 Extra"]
[Source "ChessBase"]
[SourceDate "2019.09.30"]
[SourceVersion "1"]
[SourceVersionDate "2019.09.30"]
[SourceQuality "1"]

1. d4 Nf6 2. c4 g6 3. Nc3 Bg7 4. e4 d6 5. Bg5 0-0 6. Qd2 Na6 7. Rd1 c6 8. Be2 Nc7 9. Bf3 Qe8 10. Nge2 e5 11. 0-0 Ne6 12. Be3 exd4 13. Nxd4 Nc5 14. e5 dxe5 15. Nxc6 Nce4 16. Nxe4 Qxc6 17. Qd6 Qxd6 18. Nxd6 Bg4 19. Bxb7 Bxd1 20. Bxa8 Be2 21. Bb7 Bxf1 22. Kxf1 Rd8 23. c5 Ng4 24. Nc4 Nxe3+ 25. fxe3 Rd1+ 26. Ke2 Rc1 27. Ba6 Bf6 28. Kd2 Rg1 29. Bb7 Kf8 30. b4 Ra1 31. a3 Bd8 32. Kc2 f5 33. b5 e4 34. g3 Be7 35. c6 Bd8 36. Kb2 Rh1 37. Kb3 Rxh2 38. a4 Rh1 39. a5 Rb1+ 40. Ka4 Ke7 41. Na3 Ra1 42. b6 axb6 43. a6 Bc7 44. a7 b5+ 45. Kb3 b4 46. Nb5 Bxg3 47. a8Q Rxa8 48. Bxa8 Kd8 49. Nd4 h5 50. Ne6+ Kc8 51. Bb7+ Kb8 52. Kxb4 h4 53. Ba6 h3 54. Bf1 h2 55. Bg2 Bf2 56. Nf4 Bxe3 57. Nxg6 Kc7 58. Kb5 Bg5 59. Nf8 Kd6 60. c7 Kxc7 61. Ne6+ Kd6 62. Nxg5 Ke5 63. Kc4 Kf4 64. Ne6+ Kg3 65. Bh1 Kf2 66. Nf4 Kg1 67. Bg2 h1Q 68. Bxh1 Kxh1 69. Kd4 Kg1 70. Ke3 Kf1 71. Ne2 f4+ 72. Nxf4 Ke1 73. Nd3+ exd3 74. Kxd3 1/2-1/2

[Event "Oviedo op 7th"]
[Site "Oviedo"]
[Date "2019.07.17"]
[Round "4"]
[White "Kogan, Artur"]
[Black "Mosquera Klinger, Miguel Alonso"]
[Result "1/2-1/2"]
[WhiteElo "2535"]
[BlackElo "2385"]
[PlyCount "76"]
[EventDate "2019.07.15"]
[EventType "swiss"]
[EventRounds "9"]
[EventCountry "ESP"]
[SourceTitle "CBM 191 Extra"]
[Source "ChessBase"]
[SourceDate "2019.09.30"]
[SourceVersion "1"]
[SourceVersionDate "2019.09.30"]
[SourceQuality "1"]

1. e4 e6 2. Qe2 c5 3. Nf3 Nc6 4. g3 Nf6 5. e5 Nd5 6. Nc3 Be7 7. Bg2 0-0 8. 0-0 d6 9. exd6 Qxd6 10. Re1 b6 11. d4 cxd4 12. Nxd5 exd5 13. Bf4 Qc5 14. Ne5 Be6 15. Nxc6 Qxc6 16. Be5 Rac8 17. Rec1 Qc4 18. Qd1 Rfd8 19. Bf1 Qa4 20. Bxd4 Bg5 21. c3 Qd7 22. Rc2 Bf5 23. Bd3 Re8 24. Bxf5 Qxf5 25. Re2 Re6 26. Rxe6 fxe6 27. Qe2 Re8 28. Re1 Bf6 29. f4 Bxd4+ 30. cxd4 Rc8 31. g4 Qf6 32. Qxe6+ Qxe6 33. Rxe6 Rc2 34. Re8+ Kf7 35. Ra8 a5 36. Ra7+ Kf8 37. Ra8+ Kf7 38. Ra7+ Kf8 1/2-1/2

[Event "Netanya op"]
[Site "Netanya"]
[Date "2019.07.01"]
[Round "8"]
[White "Krayz, Alexander"]
[Black "Kogan, Artur"]
[Result "1-0"]
[WhiteElo "2377"]
[BlackElo "2535"]
[PlyCount "183"]
[EventDate "2019.06.23"]
[EventType "swiss"]
[EventRounds "9"]
[EventCountry "ISR"]
[SourceTitle "CBM 191 Extra"]
[Source "ChessBase"]
[SourceDate "2019.09.30"]
[SourceVersion "1"]
[SourceVersionDate "2019.09.30"]
[SourceQuality "1"]

1. e4 c5 2. Nf3 b6 3. c4 Bb7 4. Nc3 e6 5. Be2 d6 6. d4 cxd4 7. Nxd4 Nf6 8. f3 Nbd7 9. 0-0 Be7 10. Nc2 0-0 11. Be3 a6 12. Qd2 Rc8 13. Rfd1 Qc7 14. Rac1 Qb8 15. Kh1 Kh8 16. Bg1 Rg8 17. Ne3 Bc6 18. b4 g5 19. a3 Rg6 20. Qb2 Bb7 21. Rd2 Kg8 22. Rcd1 h5 23. c5 bxc5 24. bxc5 Nxc5 25. Nc4 Ne8 26. Rb1 Bf6 27. e5 Bxe5 28. Nxe5 dxe5 29. Bxc5 Rxc5 30. Ne4 Rc7 31. Bxa6 f5 32. Nf2 Rgg7 33. Rbd1 Rc8 34. Qa2 Nc7 35. Bxb7 Qxb7 36. Nd3 e4 37. fxe4 Qxe4 38. Re2 Qd5 39. Qa1 Qc4 40. Qe5 Rd8 41. Nb2 Rxd1+ 42. Nxd1 Rd7 43. Re1 Qd4 44. Qe2 Qd2 45. Qf1 Qd3 46. Qg1 Qxa3 47. Ne3 Qc3 48. Rc1 Qf6 49. Nc4 f4 50. Qe1 f3 51. gxf3 Qxf3+ 52. Kg1 Qg4+ 53. Kh1 Qf3+ 54. Kg1 Qf4 55. Ne5 Rg7 56. Rc2 g4 57. Rf2 Qd4 58. Nc6 Qc5 59. Qe4 Qd5 60. Qc2 h4 61. Rd2 Qf5 62. Qxf5 exf5 63. Rf2 Rd7 64. Rxf5 Ne6 65. Rf6 Rd1+ 66. Kf2 Ng7 67. Rf4 Rd2+ 68. Kg1 Rd1+ 69. Kf2 Rd2+ 70. Kg1 g3 71. Ne7+ Kh7 72. Rxh4+ Nh5 73. Rxh5+ Kg7 74. hxg3 Kf6 75. Nd5+ Kg7 76. Nf4 Rc2 77. Re5 Kf6 78. Re2 Rc4 79. Kf2 Kf5 80. Kf3 Kg5 81. Re5+ Kf6 82. Ra5 Rc3+ 83. Kg4 Rb3 84. Ra6+ Kg7 85. Nh5+ Kh7 86. Nf6+ Kg7 87. Ne4 Rb1 88. Kf4 Rf1+ 89. Kg5 Rb1 90. Ra7+ Kh8 91. Kg6 Rb8 92. Nf6 1-0

[Event "Netanya op"]
[Site "Netanya"]
[Date "2019.06.27"]
[Round "5"]
[White "Kogan, Artur"]
[Black "Kantsler, Boris"]
[Result "1/2-1/2"]
[WhiteElo "2535"]
[BlackElo "2420"]
[PlyCount "53"]
[EventDate "2019.06.23"]
[EventType "swiss"]
[EventRounds "9"]
[EventCountry "ISR"]
[SourceTitle "CBM 191 Extra"]
[Source "ChessBase"]
[SourceDate "2019.09.30"]
[SourceVersion "1"]
[SourceVersionDate "2019.09.30"]
[SourceQuality "1"]

1. e4 g6 2. d4 Bg7 3. Nc3 d6 4. Bg5 a6 5. Qd2 b5 6. f3 Nd7 7. Nge2 c5 8. dxc5 Nxc5 9. Nd4 Bb7 10. 0-0-0 Rc8 11. Kb1 Qa5 12. h4 h5 13. a3 Nd7 14. Nb3 Qc7 15. Nd5 Bxd5 16. exd5 Ngf6 17. c3 Nb6 18. Bxf6 Bxf6 19. f4 Nc4 20. Bxc4 Qxc4 21. Na5 Qe4+ 22. Ka2 0-0 23. g3 Rc5 24. Rhe1 Qf5 25. Qd3 Qxd3 26. Rxd3 Rfc8 27. Re4 1/2-1/2

[Event "Netanya op"]
[Site "Netanya"]
[Date "2019.06.24"]
[Round "2"]
[White "Bilych, Olexiy"]
[Black "Kogan, Artur"]
[Result "0-1"]
[WhiteElo "2203"]
[BlackElo "2535"]
[PlyCount "98"]
[EventDate "2019.06.23"]
[EventType "swiss"]
[EventRounds "9"]
[EventCountry "ISR"]
[SourceTitle "CBM 191 Extra"]
[Source "ChessBase"]
[SourceDate "2019.09.30"]
[SourceVersion "1"]
[SourceVersionDate "2019.09.30"]
[SourceQuality "1"]

1. e4 c5 2. Nf3 e6 3. d4 cxd4 4. Nxd4 Nc6 5. Nc3 a6 6. g3 h5 7. Bg2 h4 8. 0-0 hxg3 9. hxg3 Nge7 10. Re1 Nxd4 11. Qxd4 Nc6 12. Qd1 d6 13. Be3 Ne5 14. b3 Bd7 15. f4 Ng6 16. Ne2 b5 17. c4 bxc4 18. bxc4 Rc8 19. Qd3 Be7 20. Rad1 Ba4 21. Rd2 Qa5 22. Rb1 Nf8 23. Bb6 Qh5 24. c5 Nd7 25. Qxa6 Nxb6 26. cxb6 Bd7 27. b7 Rb8 28. Rc2 0-0 29. Rc7 Rfd8 30. Kf2 f5 31. e5 dxe5 32. Rd1 Qf7 33. Kf1 Bb5 34. Rxd8+ Bxd8 35. Qxb5 Bxc7 36. fxe5 Rd8 37. Bc6 Bb8 38. Ke1 Qe7 39. a4 Ba7 40. Qa5 Be3 41. Qb5 Ba7 42. Qa5 Bb8 43. Qc3 g5 44. a5 Ba7 45. a6 Qc7 46. Qc1 f4 47. Qc2 Kg7 48. Kf1 Qb6 49. Kg2 g4 0-1